Statistics for Five Countries with Most Internet Users by Continent

Click here to take the quiz!

General Stats

  • This quiz has been taken 45 times
  • The average score is 26 of 30

Answer Stats

Hint Answer % Correct
AsiaChina
100%
AsiaJapan
100%
AsiaIndia
100%
AfricaSouth Africa
98%
OceaniaAustralia
98%
North AmericaCanada
98%
North AmericaMexico
98%
North AmericaUnited States
98%
EuropeRussia
98%
AfricaEgypt
95%
EuropeUnited Kingdom
95%
EuropeGermany
95%
OceaniaNew Zealand
95%
EuropeItaly
95%
EuropeFrance
93%
South AmericaBrazil
93%
AsiaIndonesia
91%
South AmericaColombia
91%
AfricaNigeria
88%
South AmericaArgentina
88%
South AmericaPeru
86%
OceaniaFiji
86%
OceaniaPapua New Guinea
86%
South AmericaVenezuela
81%
North AmericaGuatemala
79%
AfricaMorocco
72%
AfricaKenya
67%
AsiaVietnam
58%
OceaniaVanuatu
58%
North AmericaDominican Republic
56%

Score Distribution

Percentile by Number Answered

Percent of People with Each Score

Your Score History

You have not taken this quiz